Linear probability, logit, and probit models

Na minha lista:
Detalhes bibliográficos
Principais autores: Aldrich, John H (Autor), Nelson, Forrest D (Autor)
Formato: Livro
Idioma:inglês
Publicado em: Newbury Park SAGE 1984
Edição:1a. ed
coleção:Quantitative Applications in the Social Sciences, 07-045
Assuntos:
Tags: Adicionar Tag
Sem tags, seja o primeiro a adicionar uma tag!

MARC

LEADER 00000nam a2200000 a 4500
001 UCK8649
003 CL-VaPUC
008 060324e19840000US |||||||||||||||||eng|d
020 |a 0803921330 
082 0 4 |a 519.2  |b ALD  |2 21 
100 0 |a Aldrich, John H  |e author  |9 498289 
700 0 |a Nelson, Forrest D  |e author  |9 498290 
245 1 0 |a Linear probability, logit, and probit models 
250 |a 1a. ed 
300 |a 95 p 
942 |c BK 
945 |d 20060324 00:00:00  |a cmena 
260 |a Newbury Park  |b SAGE  |c 1984 
650 0 |a Estadística matemática  |9 260028 
650 0 |a Teoría de probabilidades   |9 336944 
650 0 |a Modelos matemáticos   |9 259437 
583 |a last modification  |c 20060324 00:00:00  |k Rodrigo Vera 
490 0 |a Quantitative Applications in the Social Sciences, 07-045 
999 |c 316121  |d 316119